000 00616nam a2200229Ia 4500
003 OSt
005 20220925182745.0
006 a|||||r|||| 00| 0
007 ta
008 220923b |||||||| |||| 00| 0 eng d
037 _cGeneral Book
040 _aRTL
_cRTL
_beng
041 _2eng
_aeng
082 _aX.273.E, L4
100 _aAquique M D
245 0 _aEconomic history of Mithils, 600 BC-1097 AD
260 _aDelhi
_bAbinov
_c1974
300 _axiv,224p.
_ccm.
500 _aBibliography: P 196-208
942 _hX.273.E, L4
_cGB
_2CC
999 _c503054
_d503054